000 00734nam a22002537a 4500
003 UA-OsUOA
001 43415
007 ta
008 20061222b un ||||| |||| 00| 0 ukr d
100 _aКушниренко А.Г.
700 _aЛебедев Г.В.
700 _aСворень Р.А.
090 _a004(075.8)
_bК96
942 _cBK
040 _aUA-OsUOA
_brus
_cUA-OsUOA
_dUA-OsUOA
245 _aОсновы информатики и вычислительной техники
300 _a224 с.
955 _a2
041 _arus
080 _a004(075.8)
260 _aМ.
_bПросвещение
_c1991
650 7 _a00 Загальні питання науки і культури
_2UDC
999 _c329543
_d329543